000 00532nam a22001817a 4500
999 _c196055
_d196055
008 20230523
010 _aENG-136990
020 _a978939746859
_c96.00
035 _aEN-120522
037 _bDBAD/ PUB
082 _a888.88
100 _aMpata, Kebafilwe Sonia
245 _aMarang:
_bThe Book of Healing/
_cKebafilwe Sonia Mpata
260 _aKolkata
_bexceller book
_c2021
270 _aDream Apartment,Degree collage road,
_bkolkata
_e700056
300 _a54p.;
_c21cm(pbk)
942 _2ddc
_cEN
_mMPA
_h888.88